|
|
|
|
| LEADER |
01872nam a2200445 i 4500 |
| 001 |
EBC4514508 |
| 003 |
MiAaPQ |
| 005 |
20200520144314.0 |
| 006 |
m o d | |
| 007 |
cr cnu|||||||| |
| 008 |
160628t20162016caua o 001 0 eng d |
| 020 |
|
|
|z 9781119176725
|
| 020 |
|
|
|z 9781119144281
|
| 020 |
|
|
|a 9781119144304
|q (electronic bk.)
|
| 020 |
|
|
|a 9781119144298
|q (electronic bk.)
|
| 035 |
|
|
|a (MiAaPQ)EBC4514508
|
| 035 |
|
|
|a (Au-PeEL)EBL4514508
|
| 035 |
|
|
|a (CaPaEBR)ebr11221670
|
| 035 |
|
|
|a (CaONFJC)MIL919779
|
| 035 |
|
|
|a (OCoLC)951973989
|
| 040 |
|
|
|a MiAaPQ
|b eng
|e rda
|e pn
|c MiAaPQ
|d MiAaPQ
|
| 050 |
|
4 |
|a HD57.7
|b .K689 2016
|
| 082 |
0 |
|
|a 658.4092
|2 23
|
| 100 |
1 |
|
|a Kouzes, James M.,
|e author.
|
| 245 |
1 |
0 |
|a Learning leadership :
|b the five fundamentals of becoming an exemplary leader /
|c James M. Kouzes, Barry Z. Posner.
|
| 264 |
|
1 |
|a San Francisco, California :
|b Wiley,
|c 2016.
|
| 264 |
|
4 |
|c 2016
|
| 300 |
|
|
|a 1 online resource (195 pages) :
|b illustrations (some color), graphs, tables
|
| 336 |
|
|
|a text
|2 rdacontent
|
| 337 |
|
|
|a computer
|2 rdamedia
|
| 338 |
|
|
|a online resource
|2 rdacarrier
|
| 500 |
|
|
|a Includes index.
|
| 588 |
|
|
|a Description based on online resource; title from PDF title page (ebrary, viewed June 28, 2016).
|
| 590 |
|
|
|a Electronic reproduction. Ann Arbor, MI : ProQuest, 2016. Available via World Wide Web. Access may be limited to ProQuest affiliated libraries.
|
| 650 |
|
0 |
|a Leadership.
|
| 655 |
|
4 |
|a Electronic books.
|
| 700 |
1 |
|
|a Posner, Barry Z.,
|e author.
|
| 776 |
0 |
8 |
|i Print version:
|a Kouzes, James M.
|t Learning leadership : the five fundamentals of becoming an exemplary leader.
|d San Francisco, California : Wiley, c2016
|h approximately 195 pages
|z 9781119176725
|
| 797 |
2 |
|
|a ProQuest (Firm)
|
| 856 |
4 |
0 |
|u https://ebookcentral.proquest.com/lib/matrademy/detail.action?docID=4514508
|z Click to View
|